| 000 | 00801nam a2200181 a 4500 | ||
|---|---|---|---|
| 001 | BRCA_570 | ||
| 005 | 20190320203052.0 | ||
| 008 | 171005s1994----mx-a---###---#000-0#spa-d | ||
| 020 |
_a9686191453 _pNK7983 _b.T47 1994 |
||
| 245 | 1 | 0 |
_aTesoros del la edad de bronce del Museo Shanghai _ctraducción Leticia Leduc. |
| 260 |
_aMéxico _bFundación Cultural Televisa ; Centro Cultural Arte Contemporáneo _c1994 |
||
| 300 |
_a183 p. _bil. a color, tablas, mapas _c30 cm. |
||
| 500 | _aCatálogo de la exposición realizada en el Centro Cultural Arte Contemporáneo (Ciudad de México), 3 marzo - 3 julio, 1994 | ||
| 650 | 1 | 4 |
_aBronce _vCatálogo _ySiglo XVII-III a.c _zChina _91966 |
| 650 | 1 | 4 |
_aMetales y metalistería _yDinastías Xia, Shang y Zhon _zChina _91967 |
| 700 | 1 |
_aLeduc, Leticia _91968 |
|
| 942 |
_2lcc _cB |
||
| 999 |
_c500 _d500 |
||